The farmer and the new day / (Record no. 37612)
[ view plain ]
| 000 -LEADER | |
|---|---|
| campo de control de longitud fija | 00411nam a2200157 i 4500 |
| 001 - NÚMERO DE CONTROL | |
| campo de control | 37612 |
| 003 - IDENTIFICADOR DE NÚMERO DE CONTROL | |
| campo de control | ES-MaACL |
| 005 - FECHA Y HORA DE LA ÚLTIMA TRANSACCIÓN | |
| campo de control | 20230906155618.0 |
| 007 - CAMPO FIJO DE DESCRIPCIÓN FÍSICA--INFORMACIÓN GENERAL | |
| campo de control de longitud fija | t| |
| 008 - DATOS DE LONGITUD FIJA--INFORMACIÓN GENERAL | |
| campo de control de longitud fija | 030221s1919 xxu ||||1| eng d |
| 100 1# - ENTRADA PRINCIPAL--NOMBRE DE PERSONA | |
| Nombre de persona | Butterfield, Kenyon L. |
| 9 (RLIN) | 32965 |
| 245 14 - MENCIÓN DEL TÍTULO | |
| Título | The farmer and the new day / |
| Mención de responsabilidad, etc. | Kenyon L. Butterfield. |
| 260 ## - PUBLICACIÓN, DISTRIBUCIÓN, ETC. | |
| Lugar de publicación, distribución, etc. | New York : |
| Nombre del editor, distribuidor, etc. | Macmillan, |
| Fecha de publicación, distribución, etc. | 1919. |
| 300 ## - DESCRIPCIÓN FÍSICA | |
| Extensión | 311 p. |
| 852 ## - LOCALIZACIÓN | |
| Ubicación | ES-MaACL |
| Número de control de estantería | C-2247 |
| Estatus retirado | Estado de pérdida | Estado de daño | No para préstamo | Biblioteca de origen | Biblioteca actual | Ubicación en estantería | Fecha de adquisición | Fuente de adquisición | Total de préstamos | Signatura topográfica completa | Código de barras | Visto por última vez | Precio de reemplazo | Tipo de ítem Koha |
|---|---|---|---|---|---|---|---|---|---|---|---|---|---|---|
| Biblioteca del Ateneo de Madrid | Biblioteca del Ateneo de Madrid | Sala Palomar | 17/01/2008 | C-2247 | 1039594 | 23/02/2023 | 23/02/2023 | Libro impreso |
